000
002790000a22000970004500
100
1
_a
Ortiz, Pedro
245
1
0
_a
La traducción de términos de medidas en la Biblia
300
_a
Vol. 5, Num 2 (II Semestre, 1995), Páginas 25-30
773
0
_t
Traducción de la Biblia
942
_c
ANA
999
_c
52679
_d
52679